000 00909nam a2200253Ia 4500
999 _c53921
_d53921
001 20972
003 GE_BSU
005 20210630180851.0
008 181216s2016||||us |||||||||||||| ||eng||
020 _a9789385915482
040 _cGE_BSU
080 _a611(084.4) BD-13
245 _aBD Chaurasia's Human Anatomy Regional and Applied Dissection and Clinical :
_bBrain-Neuroanatomy Volume 4 /
_cChief Editor Krishna Garg.
264 _aNew Delhi :
_bCBS Publishers &Distributors Pvt Ltd,
_c2016.
300 _a207 p. :
_bill. col. ;
_c27cm.
541 _h89gel. 25t.
653 _aBD Chaurasia's Human Anatomy Regional and Applied Dissection and Clinical
653 _aBrain-Neuroanatomy
653 _aადამიანის ანატომია
653 _aანატომია
653 _aმედიცინა
700 _aGarg, Krishna
_eChief Editor
_99472
942 _cBK
_2udc